000 01357nam0a2200313 i 4500
001 RU\NLR\bibl\2037627
005 20260406070426.0
010 _a9785360043249
_91000
021 _aRU
_b2013-34898
_92390
035 _a(NLR Aleph) 002024994
090 _a4522810
_c4522810
100 _a20130529d2013 u y0rusy50 ca
101 0 _arus
102 _aRU
105 _ay |||||||||
200 1 _aРусский язык
_e4 класс
_eкомментарии к урокам
_fС.В. Иванов, М.И. Кузнецова
210 _aМосква
_cВентана-Граф
_d2013
215 _a377, [2] с.
_d20
225 1 _aНачальная школа XXI века
606 1 _aРусский язык
_jРуководства, пособия и т.п.
_xУроки
_xМетодика
_xСредняя школа
_92324221
_3RU\NLR\auth\661390304
686 _aЧ426.131(2)-260я7
700 1 _4070
_7ca
_8rus
_aИванов
_bС. В.
_cканд. филол. наук
_gСтанислав Викторович
_99957
_3RU\NLR\auth\7726919
701 1 _4070
_7ca
_8rus
_aКузнецова
_bМ. И.
_cд-р пед. наук, рус. язык
_f1965-
_gМарина Ивановна
_99958
_3RU\NLR\AUTH\7726920
801 0 _aRU
_bNLR
_c20130529
_gRCR
801 1 _aRU
_bNLR
_c20130529
830 _aавт. по кн.
942 _cBOOK
980 _aNBR